Countries ending in U - Statistics

General Stats
  • This quiz has been taken 236 times
    153 since last reset
  • The average score is 5 of 6
Answer Stats
Hint Answer % Correct
South America Peru
98%
Oceania Nauru
94%
Oceania Tuvalu
94%
Oceania Vanuatu
90%
Oceania Palau
88%
Africa Guinea-Bissau
73%
No matching quizzes found
Score Distribution
Percent of People with Each Score
Percentile by Number Answered
Your Score History
You have not taken this quiz since the last reset